[Event "Hastings Weekend Open"]
[Site "Hastings"]
[Date "2024.01.07"]
[Round "4.8"]
[White "Lock, Gavin R"]
[Black "Kovalskyi, Roman"]
[Result "1-0"]
[WhiteElo "2049"]
[BlackElo "2009"]
[PlyCount "99"]
[EventDate "2024.01.06"]
[EventType "swiss"]
[EventRounds "5"]
[EventCountry "ENG"]
[SourceTitle "The Week in Chess 1522"]
[Source "Mark Crowther"]
[SourceDate "2024.01.08"]
[SourceVersion "1"]
[SourceVersionDate "2024.02.04"]
[SourceQuality "2"]

1. e4 c5 2. Nf3 g6 3. c3 d5 4. exd5 Qxd5 5. d4 Bg7 6. Nbd2 cxd4 7. Bc4 Qd8 8.
Nxd4 Nf6 9. O-O O-O 10. N2f3 Qc7 11. Qe2 Nc6 12. Nxc6 bxc6 13. Re1 e6 14. Ne5
Nd5 15. Bd2 f6 16. Nd3 Kh8 17. Bb3 a5 18. c4 Ne7 19. Bc3 Nf5 20. Nc5 Re8 21.
Rad1 Qa7 22. Ne4 e5 23. Ba4 Bd7 24. Nd6 Re6 25. Nxf5 gxf5 26. Qh5 Re7 27. b3
Qc5 28. Rd3 f4 29. Red1 Be8 30. Rd8 Bf8 31. Qf5 Rxd8 32. Rxd8 Kg7 33. h4 Bg6
34. Qc8 Rf7 35. Qxc6 Qa3 36. Bxa5 Qxa2 37. Rd7 Qb1+ 38. Kh2 Qf5 39. Rxf7+ Bxf7
40. f3 Ba3 41. Qe4 Qh5 42. Be1 Bc5 43. b4 Bd4 44. c5 Bg6 45. Qb7+ Kh6 46. Qe7
Qf5 47. Bd7 Bg1+ 48. Kxg1 Qb1 49. Qf8+ Kh5 50. Bg4# 1-0

[Event "Hastings Weekend Open"]
[Site "Hastings"]
[Date "2024.01.07"]
[Round "4.10"]
[White "Patel, Zain"]
[Black "Sharma, Josh"]
[Result "1/2-1/2"]
[WhiteElo "1840"]
[BlackElo "1632"]
[PlyCount "37"]
[EventDate "2024.01.06"]
[EventType "swiss"]
[EventRounds "5"]
[EventCountry "ENG"]
[SourceTitle "The Week in Chess 1522"]
[Source "Mark Crowther"]
[SourceDate "2024.01.08"]
[SourceVersion "1"]
[SourceVersionDate "2024.02.04"]
[SourceQuality "2"]

1. d4 d5 2. Nf3 Nf6 3. e3 c5 4. b3 Nc6 5. Bb2 Bg4 6. Be2 e6 7. O-O cxd4 8. exd4
Be7 9. Nbd2 O-O 10. Ne5 Bxe2 11. Qxe2 Qb6 12. Ndf3 Rac8 13. Rfe1 Nxe5 14. Nxe5
Rfd8 15. a3 Nd7 16. Ng4 Nf6 17. Ne5 Nd7 18. Ng4 Nf6 19. Ne5 1/2-1/2

[Event "Hastings Weekend Open"]
[Site "Hastings"]
[Date "2024.01.07"]
[Round "4.11"]
[White "Suez-Panama, Gilles"]
[Black "Chandler, Clifford R"]
[Result "1-0"]
[WhiteElo "1868"]
[BlackElo "2206"]
[PlyCount "75"]
[EventDate "2024.01.06"]
[EventType "swiss"]
[EventRounds "5"]
[EventCountry "ENG"]
[SourceTitle "The Week in Chess 1522"]
[Source "Mark Crowther"]
[SourceDate "2024.01.08"]
[SourceVersion "1"]
[SourceVersionDate "2024.02.04"]
[SourceQuality "2"]

1. Nf3 Nc6 2. g3 e5 3. d3 d5 4. Bg2 Nf6 5. O-O Be7 6. Bg5 h6 7. Bxf6 Bxf6 8.
Nc3 d4 9. Ne4 Be7 10. c3 O-O 11. Qc2 Bg4 12. h3 Be6 13. Ned2 Qd7 14. Kh2 f5 15.
cxd4 exd4 16. Nb3 Bd5 17. Nc5 Bxc5 18. Qxc5 Rae8 19. Rfe1 b6 20. Qc1 g5 21. Qd2
f4 22. Rg1 Qd6 23. g4 Ne5 24. Kh1 Nxf3 25. Bxf3 Bxf3+ 26. exf3 Re6 27. Rge1
Rfe8 28. Kg2 Kf7 29. Rxe6 Qxe6 30. Qc2 c5 31. b4 cxb4 32. Qc7+ Qe7 33. Qc4+ Kf6
34. Qb5 Qe5 35. Qxb4 Qc5 36. Qa4 Re7 37. Rb1 Re5 38. Qxa7 1-0

[Event "Hastings Weekend Open"]
[Site "Hastings"]
[Date "2024.01.07"]
[Round "4.12"]
[White "Ahn, Sungmin"]
[Black "Dunn, Maxim"]
[Result "1-0"]
[WhiteElo "1836"]
[BlackElo "1757"]
[PlyCount "173"]
[EventDate "2024.01.06"]
[EventType "swiss"]
[EventRounds "5"]
[EventCountry "ENG"]
[SourceTitle "The Week in Chess 1522"]
[Source "Mark Crowther"]
[SourceDate "2024.01.08"]
[SourceVersion "1"]
[SourceVersionDate "2024.02.04"]
[SourceQuality "2"]

1. e4 c5 2. Nf3 d6 3. d4 cxd4 4. Nxd4 Nf6 5. Nc3 a6 6. Be3 e5 7. Nb3 Be6 8. Qd2
Be7 9. f3 h5 10. Nd5 Nxd5 11. exd5 Bf5 12. Be2 Nd7 13. c4 b6 14. O-O O-O 15.
Nc1 Bg6 16. Nd3 a5 17. b3 Nc5 18. Nf2 f5 19. Nd1 h4 20. Nc3 Nd7 21. h3 Nf6 22.
Na4 Rb8 23. Rfd1 Nh5 24. Bf1 f4 25. Bf2 e4 26. fxe4 Bxe4 27. Qe2 Bg6 28. Qe6+
Kh7 29. Bd3 Bxd3 30. Rxd3 Ng3 31. Re1 Bf6 32. Qg4 Be5 33. Nc3 Rf6 34. Qxh4+ Kg8
35. a4 Qf8 36. Qg4 Re8 37. Ne4 Nxe4 38. Rxe4 Qf7 39. Qe2 Rf8 40. Rf3 Qc7 41.
Kh1 Rh6 42. Bd4 Bxd4 43. Rxd4 Rhf6 44. Re4 Qc5 45. Qd2 g5 46. Re7 R8f7 47. Qe2
Kg7 48. Rd3 Qc8 49. Re8 Qf5 50. Kg1 f3 51. Qxf3 Qxf3 52. gxf3 Rxf3 53. Rde3
Rf1+ 54. Kg2 R7f2+ 55. Kg3 Rb2 56. Kg4 Rg2+ 57. Kh5 Rf4 58. R8e7+ Kg8 59. Kg6
g4 60. h4 Rgf2 61. h5 g3 62. Re8+ Rf8 63. Rxf8+ Rxf8 64. Rxg3 Kh8 65. Kg5 Kh7
66. Re3 Rg8+ 67. Kf5 Rf8+ 68. Ke4 Kh6 69. Rh3 Re8+ 70. Kd3 Re5 71. Kc3 Re1 72.
Kb2 Re2+ 73. Kc3 Re1 74. Kd2 Re5 75. Rh2 Rg5 76. Rf2 Kxh5 77. Rf8 Rg2+ 78. Kc3
Rg3+ 79. Kb2 Rg2+ 80. Ka3 Rg6 81. Rb8 Kg5 82. Rxb6 Kf5 83. Ra6 Ke5 84. Rxa5 Kd4
85. Kb4 Rg8 86. Rb5 Ra8 87. a5 1-0

[Event "Hastings Weekend Open"]
[Site "Hastings"]
[Date "2024.01.07"]
[Round "4.14"]
[White "Liu, Tianyi (Jack)"]
[Black "Steiners, Emils"]
[Result "1-0"]
[WhiteElo "2030"]
[BlackElo "2021"]
[PlyCount "61"]
[EventDate "2024.01.06"]
[EventType "swiss"]
[EventRounds "5"]
[EventCountry "ENG"]
[SourceTitle "The Week in Chess 1522"]
[Source "Mark Crowther"]
[SourceDate "2024.01.08"]
[SourceVersion "1"]
[SourceVersionDate "2024.02.04"]
[SourceQuality "2"]

1. e4 e6 2. d4 d5 3. Nc3 Bb4 4. e5 Ne7 5. a3 Bxc3+ 6. bxc3 b6 7. Qg4 Ng6 8. h4
h5 9. Qg3 Ba6 10. Ne2 Qd7 11. a4 c5 12. Nf4 Nxf4 13. Bxf4 Kf8 14. Bxa6 Nxa6 15.
Qd3 Nb8 16. O-O c4 17. Qg3 Nc6 18. Bg5 Ne7 19. Rfb1 Ng8 20. Qf3 Rh7 21. Rb5 f6
22. Rab1 f5 23. a5 g6 24. axb6 Qc6 25. bxa7 Rhxa7 26. Rb6 Qc8 27. Qf4 Ra6 28.
Bh6+ Ke8 29. Qg5 Ne7 30. Rb7 Qd8 31. Qf6 1-0

[Event "Hastings Weekend Open"]
[Site "Hastings"]
[Date "2024.01.07"]
[Round "4.15"]
[White "Onuoha, Obioma"]
[Black "Marusenko, Petr"]
[Result "1-0"]
[WhiteElo "1995"]
[BlackElo "2032"]
[PlyCount "63"]
[EventDate "2024.01.06"]
[EventType "swiss"]
[EventRounds "5"]
[EventCountry "ENG"]
[SourceTitle "The Week in Chess 1522"]
[Source "Mark Crowther"]
[SourceDate "2024.01.08"]
[SourceVersion "1"]
[SourceVersionDate "2024.02.04"]
[SourceQuality "2"]

1. e4 c6 2. d4 d5 3. e5 Bf5 4. Nf3 e6 5. Be2 c5 6. O-O Nc6 7. Be3 Qb6 8. Nc3 c4
9. b3 Qa5 10. Na4 b5 11. Nc5 Bxc5 12. dxc5 Nge7 13. a4 cxb3 14. axb5 bxc2 15.
Qc1 Qc7 16. bxc6 Nxc6 17. Bb5 O-O 18. Bxc6 Qxc6 19. Nd4 Qc7 20. Nxf5 exf5 21.
Bd4 Qc6 22. Qxc2 Qg6 23. Ra3 Rfc8 24. Rfa1 a6 25. Qe2 Rc6 26. Qf3 Qe6 27. Rb3
g6 28. g3 Rac8 29. Rb6 Kg7 30. Raxa6 Rxb6 31. Rxb6 Rc6 32. Qe3 1-0

[Event "Hastings Weekend Open"]
[Site "Hastings"]
[Date "2024.01.07"]
[Round "4.17"]
[White "Rastogi, Nayan Keats"]
[Black "Keely, Leo A"]
[Result "1/2-1/2"]
[WhiteElo "1650"]
[BlackElo "1908"]
[PlyCount "47"]
[EventDate "2024.01.06"]
[EventType "swiss"]
[EventRounds "5"]
[EventCountry "ENG"]
[SourceTitle "The Week in Chess 1522"]
[Source "Mark Crowther"]
[SourceDate "2024.01.08"]
[SourceVersion "1"]
[SourceVersionDate "2024.02.04"]
[SourceQuality "2"]

1. e4 e5 2. Nf3 Nf6 3. Nxe5 d6 4. Nf3 Nxe4 5. d4 d5 6. Bd3 Nc6 7. c4 Bb4+ 8.
Bd2 Nxd2 9. Nbxd2 Qe7+ 10. Be2 Be6 11. c5 O-O 12. a3 Bxd2+ 13. Qxd2 Qf6 14. O-O
Bg4 15. Rad1 Rfe8 16. h3 Bh5 17. Rfe1 Re4 18. Qc3 Rae8 19. Kf1 Qe7 20. Bd3
Rxe1+ 21. Rxe1 Qd8 22. g4 Bg6 23. Bb5 h5 24. Rxe8+ 1/2-1/2

[Event "Hastings Weekend Open"]
[Site "Hastings"]
[Date "2024.01.07"]
[Round "4.18"]
[White "Alcindor, Samuel"]
[Black "Norinkeviciute, Rasa"]
[Result "0-1"]
[WhiteElo "1745"]
[BlackElo "1905"]
[PlyCount "150"]
[EventDate "2024.01.06"]
[EventType "swiss"]
[EventRounds "5"]
[EventCountry "ENG"]
[SourceTitle "The Week in Chess 1522"]
[Source "Mark Crowther"]
[SourceDate "2024.01.08"]
[SourceVersion "1"]
[SourceVersionDate "2024.02.04"]
[SourceQuality "2"]

1. c4 e6 2. e4 b6 3. Nc3 Bb7 4. Nge2 c5 5. d3 Ne7 6. g3 Nbc6 7. Bg2 Nd4 8. Nxd4
cxd4 9. Ne2 Nc6 10. O-O Be7 11. a3 a5 12. f4 a4 13. Rb1 Bc5 14. f5 e5 15. g4
Be7 16. Ng3 Bg5 17. Qf3 h6 18. Nh5 Kf8 19. f6 g6 20. Bxg5 hxg5 21. Ng7 Na5 22.
Qg3 d6 23. Rf3 Nb3 24. Qf2 Bc8 25. Rh3 Rxh3 26. Bxh3 Nc5 27. Qf3 Nxd3 28. Qxd3
Qxf6 29. Rf1 Qxg7 30. Qd2 Kg8 31. Qxg5 Be6 32. Rf6 Kh7 33. Rf3 Bxc4 34. Bg2 Kg8
35. Qe7 Be2 36. Rf2 Bxg4 37. Qxd6 Rc8 38. Qxb6 Qh6 39. Qb7 Rc1+ 40. Bf1 Qg7 41.
Qa8+ Kh7 42. Qxa4 f5 43. h3 Bxh3 44. Qb3 Rxf1+ 45. Rxf1 Bxf1 46. Kxf1 fxe4 47.
Qh3+ Kg8 48. Ke1 Qe7 49. Qg4 Kg7 50. Qxe4 Qc7 51. Kd2 Qa5+ 52. b4 Qc7 53. Kd1
Kf6 54. b5 Qc3 55. Qh4+ Ke6 56. Qg4+ Kd5 57. Qxg6 Qb3+ 58. Kd2 Qb2+ 59. Qc2
Qxb5 60. a4 Qb4+ 61. Kd1 e4 62. Qa2+ Qc4 63. Qa3 Qf1+ 64. Kd2 e3+ 65. Kc2 Qe2+
66. Kb1 Qd1+ 67. Kb2 Qd2+ 68. Kb1 Qc3 69. Qa2+ Kc5 70. Qe6 Qb4+ 71. Kc2 Qc4+
72. Qxc4+ Kxc4 73. a5 Kb5 74. Kd3 Kxa5 75. Kxd4 e2 0-1

[Event "Hastings Weekend Open"]
[Site "Hastings"]
[Date "2024.01.07"]
[Round "4.19"]
[White "Hollesen, Kurt"]
[Black "Nguyen, Anh"]
[Result "1/2-1/2"]
[WhiteElo "1916"]
[BlackElo "1648"]
[PlyCount "39"]
[EventDate "2024.01.06"]
[EventType "swiss"]
[EventRounds "5"]
[EventCountry "ENG"]
[SourceTitle "The Week in Chess 1522"]
[Source "Mark Crowther"]
[SourceDate "2024.01.08"]
[SourceVersion "1"]
[SourceVersionDate "2024.02.04"]
[SourceQuality "2"]

1. e4 c5 2. c4 Nc6 3. Nc3 g6 4. g3 Bg7 5. Bg2 a6 6. Nge2 b5 7. d3 Rb8 8. O-O h5
9. h3 d6 10. f4 bxc4 11. dxc4 Bd7 12. Rb1 Qc8 13. Kh2 Nh6 14. Nd5 Nd4 15. Ne3
f5 16. Nc3 fxe4 17. Nxe4 Nhf5 18. Re1 O-O 19. Nd5 Re8 20. Ng5 1/2-1/2

[Event "Hastings Weekend Open"]
[Site "Hastings"]
[Date "2024.01.07"]
[Round "4.20"]
[White "Park, Inchan"]
[Black "Marsden, Rupert"]
[Result "1/2-1/2"]
[WhiteElo "1768"]
[BlackElo "1742"]
[PlyCount "88"]
[EventDate "2024.01.06"]
[EventType "swiss"]
[EventRounds "5"]
[EventCountry "ENG"]
[SourceTitle "The Week in Chess 1522"]
[Source "Mark Crowther"]
[SourceDate "2024.01.08"]
[SourceVersion "1"]
[SourceVersionDate "2024.02.04"]
[SourceQuality "2"]

1. d4 Nf6 2. Nf3 g6 3. g3 Bg7 4. Bg2 O-O 5. O-O d5 6. c4 c6 7. Qc2 Bf5 8. Qb3
Qc8 9. Nc3 dxc4 10. Qxc4 Bh3 11. e4 Bxg2 12. Kxg2 Nbd7 13. Bf4 a6 14. Rac1 b5
15. Qe2 Qb7 16. e5 Nh5 17. Bd2 f5 18. Kg1 Nb6 19. Qd1 e6 20. Qb3 Rfe8 21. Ne1
Rac8 22. Nd3 Bf8 23. Ne2 Nd5 24. h3 Qb6 25. Nc5 Bxc5 26. Rxc5 Kf7 27. Bg5 Rc7
28. Rfc1 Rec8 29. g4 Ng7 30. Qg3 Rf8 31. Bh6 Kg8 32. Nf4 Nxf4 33. Qxf4 fxg4 34.
Qxg4 Re8 35. Bxg7 Kxg7 36. Qe4 Rd8 37. Rxc6 Rxc6 38. Rxc6 Rxd4 39. Qf3 Qd8 40.
Rxe6 Rd1+ 41. Kh2 Rd3 42. Qf6+ Qxf6 43. exf6+ Kf7 44. Rxa6 Rd2 1/2-1/2

[Event "Hastings Weekend Open"]
[Site "Hastings"]
[Date "2024.01.07"]
[Round "4.21"]
[White "Isaacs, Ruairi"]
[Black "Plotnikov, Dmytro"]
[Result "1-0"]
[WhiteElo "1466"]
[BlackElo "1500"]
[PlyCount "61"]
[EventDate "2024.01.06"]
[EventType "swiss"]
[EventRounds "5"]
[EventCountry "ENG"]
[SourceTitle "The Week in Chess 1522"]
[Source "Mark Crowther"]
[SourceDate "2024.01.08"]
[SourceVersion "1"]
[SourceVersionDate "2024.02.04"]
[SourceQuality "2"]

1. d4 d5 2. c4 e6 3. Nc3 Nf6 4. cxd5 exd5 5. Bg5 Be7 6. e3 c6 7. Bd3 b6 8. Qc2
h6 9. Bh4 c5 10. Nf3 c4 11. Be2 a6 12. O-O Bb7 13. Ne5 b5 14. a3 Nbd7 15. f4
Nxe5 16. fxe5 Ne4 17. Nxe4 dxe4 18. Bxe7 Qxe7 19. Rf4 Bd5 20. Raf1 O-O 21. Bg4
b4 22. axb4 Qxb4 23. Bf5 Rab8 24. Bxe4 Bxe4 25. Qxe4 Qxb2 26. e6 Kh8 27. e7 Rg8
28. Rxf7 c3 29. Rf8 Qb5 30. Qe6 c2 31. Qxg8# 1-0

[Event "Hastings Weekend Open"]
[Site "Hastings"]
[Date "2024.01.07"]
[Round "5.1"]
[White "Arkell, Keith C"]
[Black "Sterck, Arno"]
[Result "1-0"]
[WhiteElo "2380"]
[BlackElo "2259"]
[PlyCount "137"]
[EventDate "2024.01.06"]
[EventType "swiss"]
[EventRounds "5"]
[EventCountry "ENG"]
[SourceTitle "The Week in Chess 1522"]
[Source "Mark Crowther"]
[SourceDate "2024.01.08"]
[SourceVersion "1"]
[SourceVersionDate "2024.02.04"]
[SourceQuality "2"]

1. d4 d5 2. Nf3 Nf6 3. c4 c6 4. Nc3 e6 5. cxd5 exd5 6. Qc2 g6 7. Bg5 Be7 8. e3
Bf5 9. Bd3 Bxd3 10. Qxd3 O-O 11. Bxf6 Bxf6 12. b4 a6 13. O-O Be7 14. Rab1 Nd7
15. a4 Nb6 16. Qd1 Re8 17. Qb3 Bd6 18. g3 Qf6 19. Kg2 Qf5 20. Rfc1 Rad8 21. Qc2
Qe6 22. Ne2 Nc4 23. Rb3 Qe7 24. Rcb1 b5 25. a5 Qe4 26. Rc1 f5 27. h4 Kg7 28.
Qb1 h6 29. Nc3 Qg4 30. Ne2 g5 31. Rh1 Rh8 32. Qd3 Rde8 33. Rbb1 f4 34. exf4
gxf4 35. Ne5 Bxe5 36. f3 Qg6 37. Qxg6+ Kxg6 38. dxe5 fxg3 39. f4 Kf5 40. Kxg3
Rhg8+ 41. Kf3 Nd2+ 42. Ke3 Nxb1 43. Nd4+ Kg4 44. Rxb1 Kh3 45. Nxc6 Rc8 46. Ne7
Rg3+ 47. Kd4 Rc4+ 48. Kxd5 Rd3+ 49. Ke6 Rxf4 50. Nd5 Rc4 51. Nf6 Rc6+ 52. Kf7
Rc7+ 53. Kg6 Re3 54. Nd5 Rc6+ 55. Kf5 Rf3+ 56. Nf4+ Kh2 57. Ke4 Rf2 58. Ke3 Ra2
59. Rd1 Ra3+ 60. Nd3 Kg3 61. Ke4 Rc4+ 62. Kd5 Ra2 63. Re1 Rd2 64. Re3+ Kxh4 65.
e6 Rc8 66. e7 Kg5 67. Ke6 Rdc2 68. Nc5 Rf2 69. Kd7 1-0

[Event "Hastings Weekend Open"]
[Site "Hastings"]
[Date "2024.01.07"]
[Round "5.2"]
[White "Large, Peter G"]
[Black "Garcia Martin, Marta"]
[Result "0-1"]
[WhiteElo "2271"]
[BlackElo "2342"]
[PlyCount "106"]
[EventDate "2024.01.06"]
[EventType "swiss"]
[EventRounds "5"]
[EventCountry "ENG"]
[SourceTitle "The Week in Chess 1522"]
[Source "Mark Crowther"]
[SourceDate "2024.01.08"]
[SourceVersion "1"]
[SourceVersionDate "2024.02.04"]
[SourceQuality "2"]

1. e4 c5 2. Nc3 d6 3. d4 cxd4 4. Qxd4 Nc6 5. Qd2 g6 6. b3 Bh6 7. f4 Nf6 8. Bb2
e5 9. g3 O-O 10. O-O-O Re8 11. Bd3 Bg4 12. Rf1 exf4 13. gxf4 d5 14. exd5 Nxd5
15. Nge2 Bg7 16. Nxd5 Bxb2+ 17. Kxb2 Qxd5 18. Ng3 Qd4+ 19. Qc3 Qxc3+ 20. Kxc3
Rac8 21. Ne4 Re6 22. Ng5 Re7 23. Re1 Rec7 24. Kb2 Nb4 25. Rc1 Rd8 26. Bc4 Bf5
27. Rhd1 Rxd1 28. Rxd1 Nxc2 29. Rc1 Kg7 30. a4 Ne3 31. Nf3 Nxc4+ 32. bxc4 Rc5
33. Nd4 Bd7 34. Kb3 Rh5 35. Rc2 Rh4 36. Rf2 a5 37. c5 Rh3+ 38. Kc4 Bxa4 39. Rb2
Bc6 40. Nxc6 bxc6 41. Rb6 Rxh2 42. Rxc6 h5 43. Ra6 h4 44. Rxa5 h3 45. Ra3 Kf6
46. Kd5 Rd2+ 47. Kc6 h2 48. Rh3 Kf5 49. Rh4 Ke4 50. Kc7 Kf3 51. c6 Kg3 52. Rh7
Kg2 53. f5 h1=Q 0-1

[Event "Hastings Weekend Open"]
[Site "Hastings"]
[Date "2024.01.07"]
[Round "5.3"]
[White "Teh, Wee Zhun"]
[Black "Verma, Shlok"]
[Result "1-0"]
[WhiteElo "1915"]
[BlackElo "2003"]
[PlyCount "41"]
[EventDate "2024.01.06"]
[EventType "swiss"]
[EventRounds "5"]
[EventCountry "ENG"]
[SourceTitle "The Week in Chess 1522"]
[Source "Mark Crowther"]
[SourceDate "2024.01.08"]
[SourceVersion "1"]
[SourceVersionDate "2024.02.04"]
[SourceQuality "2"]

1. d4 d5 2. Nc3 Nf6 3. Bf4 c5 4. e4 e6 5. Nb5 Na6 6. e5 Nd7 7. c3 cxd4 8. cxd4
Bb4+ 9. Bd2 O-O 10. Nf3 Be7 11. a3 Nc7 12. Nxc7 Qxc7 13. Bd3 Nb6 14. h4 h6 15.
Rc1 Qd8 16. Bb1 f5 17. exf6 Rxf6 18. Qc2 Rf5 19. g4 Rf6 20. Qh7+ Kf7 21. Bg6+
1-0

[Event "Hastings Weekend Open"]
[Site "Hastings"]
[Date "2024.01.07"]
[Round "5.5"]
[White "Walker, Martin Graham"]
[Black "Lock, Gavin R"]
[Result "1-0"]
[WhiteElo "2090"]
[BlackElo "2049"]
[PlyCount "73"]
[EventDate "2024.01.06"]
[EventType "swiss"]
[EventRounds "5"]
[EventCountry "ENG"]
[SourceTitle "The Week in Chess 1522"]
[Source "Mark Crowther"]
[SourceDate "2024.01.08"]
[SourceVersion "1"]
[SourceVersionDate "2024.02.04"]
[SourceQuality "2"]

1. e4 c6 2. d4 d5 3. exd5 cxd5 4. c4 Nf6 5. Nc3 Nc6 6. Bg5 dxc4 7. Bxc4 e6 8.
d5 exd5 9. Nxd5 Be7 10. Nxe7 Qxe7+ 11. Qe2 Be6 12. Bxe6 Qxe6 13. Qxe6+ fxe6 14.
Nf3 Nd5 15. O-O h6 16. Bd2 a5 17. Rfe1 Kf7 18. Rac1 Rhe8 19. Rc4 Ra6 20. a3 a4
21. Rec1 Rd8 22. Kf1 Kf6 23. Ke2 Rb6 24. R1c2 Ra8 25. Be3 Rba6 26. Nd2 Nxe3 27.
fxe3 Ne5 28. Rb4 g5 29. Rxb7 Rd8 30. Rcc7 Rg8 31. Rc5 Nf7 32. Rb4 h5 33. Rcc4
Rga8 34. Ne4+ Kg6 35. Nc5 Nd6 36. Nxa6 Nxc4 37. Nc7 1-0

[Event "Hastings Weekend Open"]
[Site "Hastings"]
[Date "2024.01.07"]
[Round "5.6"]
[White "Ahn, Sungmin"]
[Black "Verma, Aditya"]
[Result "0-1"]
[WhiteElo "1836"]
[BlackElo "2122"]
[PlyCount "52"]
[EventDate "2024.01.06"]
[EventType "swiss"]
[EventRounds "5"]
[EventCountry "ENG"]
[SourceTitle "The Week in Chess 1522"]
[Source "Mark Crowther"]
[SourceDate "2024.01.08"]
[SourceVersion "1"]
[SourceVersionDate "2024.02.04"]
[SourceQuality "2"]

1. e4 c5 2. Nf3 d6 3. d4 cxd4 4. Nxd4 Nf6 5. Nc3 g6 6. Be3 Bg7 7. f3 O-O 8. Qd2
Nc6 9. O-O-O d5 10. Kb1 Nxd4 11. e5 Nf5 12. exf6 exf6 13. Bc5 d4 14. Bxf8 Qxf8
15. Nb5 Ne3 16. Re1 f5 17. Nxd4 f4 18. g3 Qd6 19. Nb3 Qf6 20. c3 Bf5+ 21. Kc1
Rd8 22. Nd4 Qb6 23. g4 Bxd4 24. gxf5 Nxf1 25. Qe2 Be3+ 26. Kb1 Rd2 0-1

[Event "Hastings Weekend Open"]
[Site "Hastings"]
[Date "2024.01.07"]
[Round "5.7"]
[White "Smyth, Kevin"]
[Black "Saunders, Aron"]
[Result "0-1"]
[WhiteElo "1822"]
[BlackElo "2083"]
[PlyCount "58"]
[EventDate "2024.01.06"]
[EventType "swiss"]
[EventRounds "5"]
[EventCountry "ENG"]
[SourceTitle "The Week in Chess 1522"]
[Source "Mark Crowther"]
[SourceDate "2024.01.08"]
[SourceVersion "1"]
[SourceVersionDate "2024.02.04"]
[SourceQuality "2"]

1. Nf3 d5 2. g3 Nf6 3. Bg2 c6 4. O-O Bg4 5. h3 Bxf3 6. exf3 Nbd7 7. f4 e6 8.
Re1 Be7 9. b3 O-O 10. Bb2 a5 11. a4 Ne8 12. d3 Bf6 13. Be5 Bxe5 14. fxe5 f6 15.
d4 fxe5 16. dxe5 Qb6 17. Re2 Rf5 18. Nd2 Nc7 19. Nf3 Raf8 20. Qd3 Nc5 21. Qe3
Rxf3 22. Bxf3 d4 23. Qxd4 Rxf3 24. b4 axb4 25. a5 Qb5 26. Rd2 Nd5 27. h4 h5 28.
Kg2 Rc3 29. g4 Rc4 0-1

[Event "Hastings Weekend Open"]
[Site "Hastings"]
[Date "2024.01.07"]
[Round "5.8"]
[White "Bai, Xue"]
[Black "Keohane, Ben"]
[Result "1/2-1/2"]
[WhiteElo "2099"]
[BlackElo "1937"]
[PlyCount "73"]
[EventDate "2024.01.06"]
[EventType "swiss"]
[EventRounds "5"]
[EventCountry "ENG"]
[SourceTitle "The Week in Chess 1522"]
[Source "Mark Crowther"]
[SourceDate "2024.01.08"]
[SourceVersion "1"]
[SourceVersionDate "2024.02.04"]
[SourceQuality "2"]

1. e4 Nf6 2. e5 Nd5 3. c4 Nb6 4. d4 d6 5. f4 g6 6. Nf3 Bg7 7. Nc3 dxe5 8. fxe5
Bg4 9. Be3 c5 10. dxc5 Qxd1+ 11. Rxd1 N6d7 12. Be2 Nc6 13. h3 Bxf3 14. Bxf3
Ndxe5 15. Be2 O-O 16. O-O Rad8 17. Ne4 a5 18. b3 Nb4 19. Nc3 Nec6 20. Nd5 Nxa2
21. Rd2 Nab4 22. Rfd1 Rde8 23. Nb6 Rd8 24. Nd5 e6 25. Nxb4 axb4 26. Rd7 Rxd7
27. Rxd7 Na5 28. Bf3 Rb8 29. Bf4 e5 30. Bd2 Nxb3 31. Bxb4 Bf8 32. Bd5 Bxc5+ 33.
Bxc5 Nxc5 34. Rxf7 Kh8 35. Re7 b5 36. cxb5 Rxb5 37. Rxe5 1/2-1/2

[Event "Hastings Weekend Open"]
[Site "Hastings"]
[Date "2024.01.07"]
[Round "5.9"]
[White "Sharma, Josh"]
[Black "Archibong, Ubong S"]
[Result "1-0"]
[WhiteElo "1632"]
[BlackElo "2064"]
[PlyCount "81"]
[EventDate "2024.01.06"]
[EventType "swiss"]
[EventRounds "5"]
[EventCountry "ENG"]
[SourceTitle "The Week in Chess 1522"]
[Source "Mark Crowther"]
[SourceDate "2024.01.08"]
[SourceVersion "1"]
[SourceVersionDate "2024.02.04"]
[SourceQuality "2"]

1. d4 Nf6 2. Nc3 g6 3. Bf4 d6 4. e4 c6 5. Qd2 h6 6. Nf3 g5 7. Bg3 Bg4 8. Be2
Nbd7 9. e5 dxe5 10. Nxe5 Be6 11. O-O-O Bg7 12. f4 Nxe5 13. fxe5 Nd5 14. Ne4 b6
15. c4 Nc7 16. Nc3 Rc8 17. Kb1 O-O 18. d5 cxd5 19. cxd5 Bf5+ 20. Bd3 Qd7 21.
Rhf1 Bg4 22. Be2 Bf5+ 23. Bd3 Bg6 24. Bxg6 fxg6 25. d6 exd6 26. exd6 Rxf1 27.
Rxf1 Kh7 28. Nd5 Nb5 29. Qd3 Nd4 30. Ne7 Nf5 31. Nxc8 Qxc8 32. d7 Qd8 33. Bc7
Qxc7 34. d8=Q Qe5 35. Qd2 a5 36. Q8d5 Qe8 37. Rxf5 gxf5 38. Qxf5+ Kh8 39. Qdd3
Qg8 40. Qdd7 Bf8 41. Qff7 1-0

[Event "Hastings Weekend Open"]
[Site "Hastings"]
[Date "2024.01.07"]
[Round "5.10"]
[White "Unwana, Eugene Ekpoikong"]
[Black "Suez-Panama, Gilles"]
[Result "1-0"]
[WhiteElo "2027"]
[BlackElo "1868"]
[PlyCount "81"]
[EventDate "2024.01.06"]
[EventType "swiss"]
[EventRounds "5"]
[EventCountry "ENG"]
[SourceTitle "The Week in Chess 1522"]
[Source "Mark Crowther"]
[SourceDate "2024.01.08"]
[SourceVersion "1"]
[SourceVersionDate "2024.02.04"]
[SourceQuality "2"]

1. e4 e6 2. d4 d5 3. e5 c5 4. dxc5 Nc6 5. Nf3 Bxc5 6. Bd3 Bd7 7. O-O Rc8 8. Nc3
a6 9. a3 Nge7 10. Bf4 h6 11. Ne2 b5 12. a4 Nb4 13. axb5 Nxd3 14. cxd3 axb5 15.
Qd2 Nc6 16. d4 Be7 17. Ng3 Nb4 18. Rfc1 Rxc1+ 19. Rxc1 g5 20. Be3 g4 21. Ne1 h5
22. Nd3 Nxd3 23. Qxd3 Qa5 24. Qd1 b4 25. Ra1 Qd8 26. Ra7 h4 27. Nf1 Rg8 28. Qa1
Qb6 29. Ra6 Qb5 30. Ra8+ Bd8 31. Qa7 Qc4 32. Qb8 Ke7 33. Bg5+ f6 34. Qd6+ Kf7
35. Qxd7+ Kg6 36. Bxf6 Kf5 37. Qh7+ Kf4 38. Qxg8 Ke4 39. Qxg4+ Kd3 40. Qd1+ Ke4
41. Nd2+ 1-0